000 00552nam a22002057a 4500
999 _c157543
_d157543
003 dpl
005 20180918115657.0
008 180918b ||||| |||| 00| 0 eng d
010 _aB-228239
020 _a9788189013387
_c0.00
035 _aB-228239
040 _aDPL
_bEN
_c0
082 _aN
_bDHA
100 _aDhar, Payal
245 _aShadow in enternity /
_cby Payal dhar
260 _aNew Delhi
_bPuffin Books
_c2006
270 _a11community centre, panchsheel park
_bNew Delhi
_e110017
300 _a290.:
_c20cm
942 _2ddc
_cEN
_hN
_mDHA